00237nam a2200109Ia 4500100001700000654001400017245002700031260003300058082001600091300000800107546001200115 aSpiegel/M.R  amechanics aTheoretical mechanics bMcGraw HillaSingaporec1983 a531.01bSPI a368 aENGLISH